Statistiques concernant Les Meilleurs buteurs de la Premier League 2015-2016

Cliquez ici pour prendre le quiz!

Statistiques générales

  • Ce quiz a été pris 117 fois
  • Le résultat moyen est 8 sur 10

Statistiques - réponses

ButsNationalitéClubJoueur% Correct
25AngleterreTottenham Hotspur Harry Kane
100%
24AngleterreLeicester CityJamie Vardy
100%
17AlgérieLeicester City Riyad Mahrez
100%
24ArgentineManchester City Sergio Agüero
100%
18BelgiqueEverton FC Romelu Lukaku
96%
16FranceArsenal Olivier Giroud
95%
13ChiliArsenal FC Alexis Sánchez
94%
13AngleterreWatford Troy Deeney
35%
15AngleterreSunderland AFC Jermain Defoe
33%
15NigériaWatford Odion Ighalo
9%

Distribution des résultats

Percentile par nombre de réponses

% des personnes avec chaque résultat

Votre développement - résultats

Vous n’avez pas pris ce quiz